Organizational Behavior (Record no. 5337)

MARC details
000 -LEADER
fixed length control field 00336nam a2200145Ia 4500
008 - FIXED-LENGTH DATA ELEMENTS--GENERAL INFORMATION
fixed length control field 191201s2012 xx 000 0 und d
082 ## - DEWEY DECIMAL CLASSIFICATION NUMBER
Classification number 658.15
Item number ROO
100 ## - MAIN ENTRY--PERSONAL NAME
Personal name ROBBINS, STEPHEN S
245 #0 - TITLE STATEMENT
Title Organizational Behavior
250 ## - EDITION STATEMENT
Edition statement 2nd IMP
260 ## - PUBLICATION, DISTRIBUTION, ETC. (IMPRINT)
Place of publication, distribution, etc N.Delhi
Name of publisher, distributor, etc Pearson
Date of publication, distribution, etc 2012
300 ## - PHYSICAL DESCRIPTION
Extent 623
650 ## - SUBJECT ADDED ENTRY--TOPICAL TERM
Topical term or geographic name as entry element MBA
942 ## - ADDED ENTRY ELEMENTS (KOHA)
Source of classification or shelving scheme Dewey Decimal Classification
Koha item type Text Books
Holdings
Withdrawn status Lost status Source of classification or shelving scheme Damaged status Not for loan Collection code Home library Current library Date acquired Source of acquisition Cost, normal purchase price Bill Number Total Checkouts Full call number Acc. no. / Barcode Date last seen Date last borrowed Bill Date Koha item type Checked out
    Dewey Decimal Classification     MBA PIET C-LIBRARY PIET C-LIBRARY 11/07/2012 IBH, New Delhi 625.00 4894 2 658.3 ROO 19931 12/03/2024 29/02/2024 04/07/2012 Text Books  
    Dewey Decimal Classification     MBA PIET C-LIBRARY PIET C-LIBRARY 11/07/2012 IBH, New Delhi 625.00 4894 1 658.15 ROO 19932 29/01/2025 29/01/2025 04/07/2012 Text Books 18/08/2025
    Dewey Decimal Classification     MBA PIET C-LIBRARY PIET C-LIBRARY 11/07/2012 IBH, New Delhi 625.00 4894   658.3 ROO 19933 04/12/2019   04/07/2012 Text Books  
    Dewey Decimal Classification     MBA PIET C-LIBRARY PIET C-LIBRARY 11/07/2012 IBH, New Delhi 625.00 4894 1 658.3 ROO 19934 23/11/2020 13/03/2020 04/07/2012 Text Books  
    Dewey Decimal Classification     MBA PIET C-LIBRARY PIET C-LIBRARY 11/07/2012 IBH, New Delhi 625.00 4894   658.3 ROO 19935 04/12/2019   04/07/2012 Text Books  
    Dewey Decimal Classification     MBA PIET C-LIBRARY PIET C-LIBRARY 11/07/2012 IBH, New Delhi 625.00 4894   658.3 ROO 19936 04/12/2019   04/07/2012 Text Books  
    Dewey Decimal Classification     MBA PIET C-LIBRARY PIET C-LIBRARY 11/07/2012 IBH, New Delhi 625.00 4894 2 658.3 ROO 19937 25/05/2026 15/01/2026 04/07/2012 Text Books  

Design & Developed by: PIET Central Library
R70 Miles Stone Pattikalyana Samalkha Panipat 132102
mail ID :- [email protected], Phone No:- 0180-2569700 Ex.216